00751nam a2200241Ia 4500003000400000005001700004008004100021020002200062024000700084040000700091041000800098082001600106100003400122245002200156260004100178300001600219365001400235650004700249906002400296942001200320999001900332952015800351OSt20230605110301.0210423s2016 xx 000 0 und d a978-81-8387-761-9 cAL cAL aeng a362.73 SINH aSINGH (Godwin Prem J)9119526 aHomeless children aNew DelhibSerial Publicationsc2016 axxi,321bHB b1195cINR aSocial Welfare Problems & Services9119527 aChildren ; Homeless 2ddccBK c176604d176604 001040708MSWaSACPGbSACPGd2018-12-12eAcademic Book Distributorsg1195.00l2o362.73 SINHpPG023308r2024-08-12 00:00:00s2024-08-10w2021-04-26yBK